书目信息 |
| 题名: |
管理学
|
|
| 作者: | 周三多 主编 | |
| 分册: | ||
| 出版信息: | 北京 高等教育出版社 |
|
| 页数: | 399页 | |
| 开本: | 20cm | |
| 丛书名: | ||
| 单 册: | ||
| 中图分类: | C93 | |
| 科图分类: | ||
| 主题词: | 管理学 | |
| 电子资源: | ||
| ISBN: | 7-04-028455-3 | |
| 000 | 00538nam0 2200193 450 | |
| 001 | 1555418011 | |
| 005 | 20150619152426.47 | |
| 010 | @a7-04-028455-3@dCNY34.00 | |
| 100 | @a20150619d km y0chiy0120 ea | |
| 101 | 0 | @achi |
| 102 | @aCN@b110000 | |
| 200 | 1 | @a管理学@Aguan li xue@f周三多主编@Fzhou san duo zhu bian |
| 210 | @a北京@c高等教育出版社 | |
| 215 | @a399页@d20cm | |
| 606 | 0 | @a管理学 |
| 690 | @aC93@v4 | |
| 701 | 0 | @a周三多@Azhou san duo@4主编 |
| 801 | 0 | @aCN@b大连网信软件有限公司图书馆·11@c20150619 |
| 905 | @aZUCC@dC93@eZ7907 | |
| 管理学/周三多主编.-北京:高等教育出版社 |
| 399页;20cm |
| ISBN 7-04-028455-3:CNY34.00 |
| ● |
| 相关链接 |
|
|
|
正题名:管理学
索取号:C93/Z7907
 
预约/预借
| 序号 | 登录号 | 条形码 | 馆藏地/架位号 | 状态 | 备注 |
| 1 | 497444 | 204974448 | 社科库509/509社科库 64排1列5层/ [索取号:C93/Z7907] | 在馆 |